| 000 | 00548nam a2200169Ia 4500 | ||
|---|---|---|---|
| 003 | LK-CoDNM | ||
| 008 | 010623t2011 xxu||||| |||| 00| 1 sin d | ||
| 040 |
_aLK-CoDNM _dLK-CoDNM _eLK-CoDNM |
||
| 041 | _asin | ||
| 080 | _a294.3 WIT | ||
| 100 | _aWitharana,L.A | ||
| 245 | _aපුද්ගලයා හා පුද්ගල සංවර්ධනය පිළිබඳ බෞද්ධ මතය | ||
| 246 | _aPudgalaya ha Pudgala Sanwardhanaya Pilibada Bauddha Mathaya | ||
| 260 |
_bAuthor _aS.I _c2011 |
||
| 300 | _bix 759, 21 cm | ||
| 942 | _cBK | ||
| 999 |
_c131302 _d131302 |
||